| 000 | 00590nam a22001817a 4500 | ||
|---|---|---|---|
| 005 | 20251128113438.0 | ||
| 008 | 251125b |||||||| |||| 00| 0 eng d | ||
| 020 | _a978-81-19613-88-5 | ||
| 041 | _aeng | ||
| 082 | _a615.5 MIS-S | ||
| 100 |
_aMISHRA, ANKIT KUMAR 2- MISHRA, DR. J.N. 3- MISHRA, ASHOK KUMAR . 4- VINAY, BHARATI. _98814 |
||
| 245 | _aSOCIAL AND PREVENTIVE PHARMACY FOR THE STUDENTS OF B. PHARM [ 8TH SEMESTER] | ||
| 250 | _a1ST ED, 2024 | ||
| 260 |
_aNEW DELHI _bINNOVATIVE PUBLICATIONS PVT, LTD _c2025 |
||
| 300 | _a164;P | ||
| 650 |
_aPHARMACY _xB,PHARMA |
||
| 942 | _cBK | ||
| 999 |
_c8994 _d8992 |
||